Name Every SEC Team ever - Statistics

General Stats
  • This quiz has been taken 20 times
  • The average score is 13 of 19
Answer Stats
Hint Answer % Correct
1932-PRESENT Georgia Bulldogs
93%
1932-PRESENT Alabama Crimson Tide
87%
1991-PRESENT Arkansas Razorbacks
73%
1932-PRESENT Auburn Tigers
73%
1932-PRESENT LSU Tigers
73%
1932-PRESENT Florida Gators
73%
1932-PRESENT Mississippi State Bulldogs
73%
2012-PRESENT Missouri Tigers
73%
1991-PRESENT South Carolina Gamecocks
73%
1932-PRESENT Tennessee Volunteers
73%
2024-PRESENT Texas Longhorns
73%
1932-PRESENT Kentucky Wildcats
67%
2024-PRESENT Oklahoma Sooners
67%
1932-PRESENT Ole Miss Rebels
67%
2012-PRESENT Texas A&M Aggies
67%
1932-1966 Tulane Green Wave
67%
1932-1964 Georgia Tech Yellow Jackets
60%
1932-1940 Sewanee Tigers
53%
1932-PRESENT Vanderbilt Commodroes
20%
No matching quizzes found
Score Distribution
Percent of People with Each Score
Percentile by Number Answered
Your Score History
You have not taken this quiz